Dr. Rajendra Prasad: correspondence and selected documents (Record no. 12872)

MARC details
000 -LEADER
fixed length control field 00490nam a2200169Ia 4500
082 ## - DEWEY DECIMAL CLASSIFICATION NUMBER
Classification number RR 923.254 PRA-;
245 #0 - TITLE STATEMENT
Title Dr. Rajendra Prasad: correspondence and selected documents
260 ## - PUBLICATION, DISTRIBUTION, ETC. (IMPRINT)
Place of publication New Delhi
Name of publisher Allied Publishers
Year of publication 1984
300 ## - PHYSICAL DESCRIPTION
Number of Pages xii, 446p.
500 ## - GENERAL NOTE
General note 3v.
504 ## - BIBLIOGRAPHY, ETC. NOTE
Bibliography, etc Includes index
650 ## - SUBJECT ADDED ENTRY--TOPICAL TERM
Topical Term Presidents - India
650 ## - SUBJECT ADDED ENTRY--TOPICAL TERM
Topical Term Prasad, Rajendra - Correspondence
650 ## - SUBJECT ADDED ENTRY--TOPICAL TERM
Topical Term Prasad, Rajendra - Political activity
700 ## - ADDED ENTRY--PERSONAL NAME
Personal name Choudhary, Valmiki
942 ## - ADDED ENTRY ELEMENTS (KOHA)
Koha item type Books
Source of classification or shelving scheme Dewey Decimal Classification
Holdings
Withdrawn status Lost status Damaged status Not for loan Home library Current library Date acquired Serial Enumeration / chronology Bill Date Full call number Accession Number Price effective from Koha item type
        NASSDOC Library NASSDOC Library 08/10/2004 V.1 2004-10-05 RR 923.254 PRA-; 37901 18/04/2019 Books
        NASSDOC Library NASSDOC Library 08/06/2004 V.2 2004-10-05 RR 923.254 PRA-; 37902 18/04/2019 Books
        NASSDOC Library NASSDOC Library 08/10/2004 V.3 2004-10-05 RR 923.254 PRA-; 37903 18/04/2019 Books